| 000 | 01745cam a2200325 i 4500 | ||
|---|---|---|---|
| 003 | SA-RiAUC | ||
| 005 | 20260215131500.0 | ||
| 008 | 260210s1908 su g 000r0 ara c | ||
| 040 |
_aSA-MaHRM _bara _cSA-RiAUC _erda |
||
| 082 | 0 | 4 |
_a258.3 _qSA-RiAUC |
| 090 |
_aم ن 258.3 _bب ا ف |
||
| 100 | 1 |
_aبافضل، محمد صالح بن محمد، _d1278-1333 هجري _eمؤلف. |
|
| 245 | 1 | 0 |
_aحاشية المسلك القويم على حل ألفاظ المنهج القويم على مسائل التعليم / _cلمحمد صالح بن محمد بافضل المكي. بهامشه المنهج القويم على مسائل التعليم ؛ مع تقريرات فائقة وتحقيقات نافعة لأحمد نحراوي الجاوي. |
| 264 | 1 |
_a[مكان النشر غير محدد] : _b[الناشر غير محدد]، _c[1908] |
|
| 264 | 3 |
_aمكة المكرمة : _bالمطبعة الميرية |
|
| 300 |
_aمجلد ؛ _c28 سم |
||
| 336 |
_aنص _btxt _2rdacontent _3كتاب |
||
| 337 |
_aبدون وسيط _bn _2rdamedia |
||
| 338 |
_aمجلد _bnc _2rdacarrier |
||
| 351 | _bمرتبة بنظام التعقيبات. | ||
| 650 | 7 |
_aالفقه الشافعي _2aucsh |
|
| 650 | 7 |
_aالفقه الإسلامي _xمذاهب _2aucsh |
|
| 700 | 1 |
_aالجاوي، أحمد نحراوي _eمحقق. |
|
| 700 | 1 | 2 |
_aابن حجر الهيتمي، أحمد بن محمد بن علي، _d909-974 هجري |
| 740 | 2 | 2 | _aالمنهج القويم في شرح مسائل التعليم. |
| 856 | 4 | _uhttp://10.10.10.21/hipres/1106/book.Web/bookTestPage.html | |
| 942 |
_2ddc _cRBOOK COPY _n0 |
||
| 949 |
_aSA-JeALM _d260210 _umohamedma123 _n1 |
||
| 999 |
_c14334 _d14334 |
||